000 00328nam a2200121Ia 4500
008 190216s9999||||xx |||||||||||||| ||und||
100 _aMohamed Rafiquzzaman
245 0 _aMicroprocessor And Microcomputer Based System Design
260 _bUniversal Bookstall Newdelhi
_c2001
300 _a1075
650 _aComputer
942 _cBK
999 _c8738
_d8738